[Event "European Blitz 2017"]
[Site "Katowice POL"]
[Date "2017.12.15"]
[Round "16.27"]
[White "Kourousis, Epaminondas"]
[Black "Mastrovasilis, Dimitrios"]
[Result "1/2-1/2"]
[WhiteTitle "IM"]
[BlackTitle "GM"]
[WhiteElo "2393"]
[BlackElo "2582"]
[WhiteFideId "4211626"]
[BlackFideId "4202694"]
[EventDate "2017.12.15"]
[EventType "swiss"]

1. d4 d5 2. Nc3 Nf6 3. Bf4 c6 4. f3 b5 5. e3 e6 6. Bd3 Nbd7 7. Nge2 b4 8. Na4 c5
9. c4 bxc3 10. Naxc3 Be7 11. Nb5 Qa5+ 12. Qd2 Qxd2+ 13. Kxd2 O-O 14. Rhc1 a6 15.
Nd6 c4 16. Bc2 Nh5 17. Nxc8 Rfxc8 18. b3 Ba3 19. Rcb1 Nxf4 20. Nxf4 Bb4+ 21. Kd1
Bc3 22. bxc4 Bxa1 23. Rxa1 Rxc4 24. Bb3 Rc7 25. Kd2 Rac8 26. Nd3 Kf8 27. f4 Ke7
28. g4 Nf6 29. Nc5 Nxg4 30. Rg1 Nf6 31. Rxg7 a5 32. h4 Rg8 33. Rxg8 Nxg8 34. Bc2
Nf6 35. Bd3 h6 36. Nb3 Ra7 37. a4 Kd6 38. Bb5 Ne4+ 39. Kd3 f6 40. Be8 Rg7 41.
Nxa5 Rg2 42. Nb3 Rb2 1/2-1/2

[Event "European Blitz 2017"]
[Site "Katowice POL"]
[Date "2017.12.15"]
[Round "16.28"]
[White "Dvirnyy, Danyyil"]
[Black "Gdanski, Jacek"]
[Result "1-0"]
[WhiteTitle "GM"]
[BlackTitle "GM"]
[WhiteElo "2532"]
[BlackElo "2458"]
[WhiteFideId "817570"]
[BlackFideId "1100106"]
[EventDate "2017.12.15"]
[EventType "blitz"]

1. Nf3 c5 2. g3 g6 3. Bg2 Bg7 4. O-O Nc6 5. c4 e5 6. Nc3 Nge7 7. a3 a5 8. Ne1 d6
9. Nc2 h5 10. h3 h4 11. g4 f5 12. gxf5 gxf5 13. f4 Ng6 14. fxe5 dxe5 15. Nd5 Nd4
16. Nxd4 cxd4 17. d3 f4 18. Qb3 Rh5 19. Qb6 Rg5 20. Nc7+ Kf8 21. Nxa8 Rxg2+ 22.
Kxg2 Qg5+ 23. Kh1 Bxh3 24. Rg1 Bg4 25. Qd6+ Kg8 26. Qe6+ 1-0

[Event "European Blitz 2017"]
[Site "Katowice POL"]
[Date "2017.12.15"]
[Round "16.29"]
[White "Polivanov, Anatoliy"]
[Black "Kovalev, Denis"]
[Result "1-0"]
[WhiteTitle "IM"]
[BlackTitle "IM"]
[WhiteElo "2383"]
[BlackElo "2504"]
[WhiteFideId "14109468"]
[BlackFideId "14104059"]
[EventDate "2017.12.15"]
[EventType "blitz"]

1. d4 d5 2. c4 c6 3. Nf3 Nf6 4. Nc3 e6 5. Bg5 h6 6. Bh4 dxc4 7. e3 b5 8. a4 Bb4
9. Nd2 Bb7 10. axb5 Bxc3 11. bxc3 cxb5 12. Qb1 Bc6 13. e4 Qb6 14. Bxf6 gxf6 15.
Be2 Nd7 16. O-O Rc8 17. Rd1 Rg8 18. Nf1 Qb7 19. d5 exd5 20. Ne3 Rg5 21. exd5
Bxd5 22. Nxd5 Kf8 23. Bf3 Ne5 24. Be4 f5 25. f4 fxe4 26. Qb4+ Kg7 27. fxg5 Nd3
28. Qd6 Rc6 29. gxh6+ Kh7 30. Qg3 Rg6 31. Nf6+ Kh8 32. Qd6 Qc8 33. Rxa7 Rxg2+
34. Kxg2 Qg4+ 35. Nxg4 1-0

[Event "European Blitz 2017"]
[Site "Katowice POL"]
[Date "2017.12.15"]
[Round "16.30"]
[White "Krause, Jonah"]
[Black "Kovalev, Vladislav"]
[Result "1/2-1/2"]
[WhiteTitle "FM"]
[BlackTitle "GM"]
[WhiteElo "2368"]
[BlackElo "2639"]
[WhiteFideId "12907910"]
[BlackFideId "13504398"]
[EventDate "2017.12.15"]
[EventType "swiss"]

1. d4 Nf6 2. c4 e5 3. dxe5 Ng4 4. e3 Nxe5 5. Nh3 d6 6. Nf4 g6 7. Nc3 Bg7 8. Be2
O-O 9. O-O Nbd7 10. Qd2 a5 11. b3 a4 12. Rb1 axb3 13. axb3 Nc5 14. b4 Ncd7 15.
Nb5 Nb6 16. Qc2 c6 17. Nd4 Re8 18. Rd1 Qe7 19. Bd2 Bg4 20. Bxg4 Nxg4 21. h3 Ne5
22. c5 Nbc4 23. cxd6 Qxd6 24. Qb3 Ra3 25. Qc2 Rea8 26. Bc3 Qe7 27. b5 Ra2 28.
Qc1 c5 29. Nde2 Qg5 30. Ng3 h5 31. Bxe5 Nxe5 32. Ne4 Qf5 33. Nd6 Qg5 34. Ne4 Qf5
35. Nd6 Qg5 36. Ne4 Qh4 37. Rd2 Ra1 38. Rd1 Rxb1 39. Qxb1 b6 40. Qc2 Qe7 41. Nd5
Qb7 42. Nd6 Qb8 43. Nc4 Nxc4 44. Qxc4 Qb7 45. Qe4 Kh8 46. Qf4 Rd8 47. e4 c4 48.
Rc1 Rc8 49. Qd6 Bd4 50. Ne7 Bc5 51. Qf6+ Kh7 52. Qxf7+ Kh8 1/2-1/2

[Event "European Blitz 2017"]
[Site "Katowice POL"]
[Date "2017.12.15"]
[Round "16.31"]
[White "Mikhalchishin, Adrian"]
[Black "Kreisl, Robert"]
[Result "1-0"]
[WhiteTitle "GM"]
[BlackTitle "IM"]
[WhiteElo "2479"]
[BlackElo "2440"]
[WhiteFideId "14602385"]
[BlackFideId "1613880"]
[EventDate "2017.12.15"]
[EventType "blitz"]

1. Nf3 g6 2. c4 Bg7 3. d4 c5 4. e4 Qa5+ 5. Bd2 Qb6 6. Bc3 cxd4 7. Bxd4 Bxd4 8.
Qxd4 Qxd4 9. Nxd4 d6 10. Nb5 Na6 11. N1c3 Nf6 12. f3 O-O 13. Be2 Bd7 14. Kf2
Rfc8 15. Rac1 Nc5 16. b4 Ne6 17. Rhd1 a6 18. Nd4 Nxd4 19. Rxd4 Be6 20. Ke3 Nd7
21. Nd5 Kf8 22. f4 a5 23. a3 axb4 24. axb4 b5 25. Rdd1 Ra3+ 26. Kf2 bxc4 27.
Rxc4 Rxc4 28. Bxc4 Bxd5 29. Bxd5 Nf6 30. Rb1 e6 31. Bc6 Ng4+ 32. Kg1 Ra2 33. b5
Ne3 34. b6 Nxg2 1-0

[Event "European Blitz 2017"]
[Site "Katowice POL"]
[Date "2017.12.15"]
[Round "16.32"]
[White "Dragnev, Valentin"]
[Black "Neiksans, Arturs"]
[Result "1-0"]
[WhiteTitle "IM"]
[BlackTitle "GM"]
[WhiteElo "2458"]
[BlackElo "2590"]
[WhiteFideId "1634852"]
[BlackFideId "11601388"]
[EventDate "2017.12.15"]
[EventType "blitz"]

1. e4 Nf6 2. e5 Nd5 3. d4 d6 4. Nf3 g6 5. Bc4 c6 6. O-O Bg7 7. h3 O-O 8. Re1
dxe5 9. dxe5 Nc7 10. Qe2 Be6 11. Bd3 Nba6 12. Nc3 Nc5 13. Bc4 b5 14. Bxe6 N7xe6
15. Be3 Qc7 16. Rad1 Rfd8 17. b4 Nd7 18. Bc1 Nb6 19. Ne4 Nc4 20. Rxd8+ Rxd8 21.
Neg5 Nxg5 22. Bxg5 h6 23. Bh4 g5 24. Bg3 e6 25. Qe4 Nd2 26. Nxd2 Rxd2 27. h4 Qd7
28. hxg5 hxg5 29. Qg4 Rxc2 30. Qxg5 Qd2 31. Re3 Rc1+ 32. Kh2 Qd1 33. Bf4 Qh1+
34. Kg3 Rg1 35. Kf3 Kh7 36. Re4 Bh6 37. Qg4 Bg7 38. Be3 Ra1 39. Rd4 Rd1 40. Rf4
Rb1 41. Kg3 Rg1 42. Kf3 Rb1 43. Qg5 Qd1+ 44. Kg3 Qd7 45. Rh4+ Kg8 46. Rg4 1-0

[Event "European Blitz 2017"]
[Site "Katowice POL"]
[Date "2017.12.15"]
[Round "16.33"]
[White "Meissner, Felix"]
[Black "Heberla, Bartlomiej"]
[Result "0-1"]
[WhiteTitle "FM"]
[BlackTitle "GM"]
[WhiteElo "2333"]
[BlackElo "2555"]
[WhiteFideId "24671827"]
[BlackFideId "1115120"]
[EventDate "2017.12.15"]
[EventType "blitz"]

1. e4 c5 2. Nf3 Nc6 3. Bb5 a6 4. Bxc6 dxc6 5. h3 Qc7 6. O-O e5 7. d3 Ne7 8. a4
a5 9. Na3 Ng6 10. Nc4 Be7 11. b3 O-O 12. Ne3 Rd8 13. Bb2 f6 14. Nf5 Bf8 15. Nd2
Be6 16. Qf3 b6 17. Kh1 Qf7 18. Nc4 b5 19. axb5 cxb5 20. Nxa5 Qc7 21. h4 Rxa5 22.
h5 Rxa1 23. Rxa1 Ne7 24. Ne3 h6 25. g4 Nc6 26. Ra6 Qb7 27. Ra1 Nd4 28. Qg3 Ra8
29. Rg1 Ne2 0-1

[Event "European Blitz 2017"]
[Site "Katowice POL"]
[Date "2017.12.15"]
[Round "16.34"]
[White "Tomczak, Jacek"]
[Black "Mikrut, Dariusz"]
[Result "1-0"]
[WhiteTitle "GM"]
[BlackTitle "IM"]
[WhiteElo "2588"]
[BlackElo "2375"]
[WhiteFideId "1124668"]
[BlackFideId "1112791"]
[EventDate "2017.12.15"]
[EventType "blitz"]

1. e4 c5 2. Nf3 d6 3. d4 cxd4 4. Nxd4 Nf6 5. Nc3 g6 6. Be3 Bg7 7. f3 Nc6 8. Qd2
O-O 9. g4 Nxd4 10. Bxd4 Be6 11. h4 Qc7 12. h5 Rfc8 13. h6 Bh8 14. g5 Nd7 15.
Bxh8 Kxh8 16. Qd4+ f6 17. gxf6 Nxf6 18. O-O-O Qc5 19. a3 Rab8 20. Qxc5 Rxc5 21.
Nb5 a6 22. Nd4 Bf7 23. Bh3 b5 24. c3 a5 25. Kc2 b4 26. Be6 Be8 27. axb4 axb4 28.
Ra1 bxc3 29. bxc3 Rc7 30. Rhb1 Rd8 31. Ra5 Ng8 32. Bxg8 Kxg8 33. Ne6 Rcc8 34.
Nxd8 Rxd8 35. Rb7 Kf8 36. Raa7 1-0

[Event "European Blitz 2017"]
[Site "Katowice POL"]
[Date "2017.12.15"]
[Round "16.35"]
[White "Zelcic, Robert"]
[Black "Jahncke, Giso"]
[Result "1/2-1/2"]
[WhiteTitle "GM"]
[BlackTitle "FM"]
[WhiteElo "2501"]
[BlackElo "2403"]
[WhiteFideId "14500310"]
[BlackFideId "24608289"]
[EventDate "2017.12.15"]
[EventType "swiss"]

1. e4 d5 2. exd5 Nf6 3. d4 Bg4 4. Be2 Bxe2 5. Qxe2 Qxd5 6. Nf3 e6 7. O-O Be7 8.
c4 Qh5 9. Nc3 c6 10. Re1 O-O 11. h3 Nbd7 12. Be3 Rfe8 13. Rad1 Rad8 14. a3 Nb6
15. Bf4 Qa5 16. Bc7 Rc8 17. Bg3 Qa6 18. Ne5 c5 19. dxc5 Bxc5 20. b4 Bf8 21. c5
Qxe2 22. Rxe2 Nbd5 23. Nxd5 Nxd5 24. Red2 a5 25. Rb2 axb4 26. axb4 Be7 27. Nc4
Bf6 28. Rb3 Ra8 29. Nd6 Reb8 30. b5 Nc3 31. Re1 Ra5 32. Ne4 Nxe4 33. Rxe4 Rc8
34. c6 bxc6 35. b6 e5 36. f4 Rb8 37. fxe5 Be7 38. b7 Rb5 39. Rf3 R5xb7 40. e6
Rf8 41. exf7+ Rxf7 42. Rc3 c5 43. Re6 h6 44. Bf2 Bf6 45. Rxc5 Rb1+ 46. Kh2 Be7
47. Rc8+ Kh7 48. Bg3 Rff1 49. Be5 Rh1+ 50. Kg3 Rb3+ 51. Kf2 Bh4+ 52. Ke2 Re1+
53. Kd2 Rbe3 54. Rce8 Bf6 55. Bxf6 Rxe6 56. Rxe6 Rxe6 57. Bh4 Kg6 58. Bf2 Kf5
59. Bg3 g5 60. Kd3 h5 1/2-1/2

[Event "European Blitz 2017"]
[Site "Katowice POL"]
[Date "2017.12.15"]
[Round "16.36"]
[White "Troyke, Christian"]
[Black "Stupak, Kirill"]
[Result "0-1"]
[WhiteTitle "IM"]
[BlackTitle "GM"]
[WhiteElo "2348"]
[BlackElo "2588"]
[WhiteFideId "4616278"]
[BlackFideId "13503758"]
[EventDate "2017.12.15"]
[EventType "blitz"]

1. g3 g6 2. Bg2 Bg7 3. d4 c5 4. c3 d5 5. Nf3 Nf6 6. O-O O-O 7. dxc5 Ne4 8. Be3
Na6 9. Bd4 Naxc5 10. Bxg7 Kxg7 11. Nbd2 Nf6 12. Nb3 Qc7 13. Qd4 b6 14. h4 Ba6
15. Rfe1 Rfe8 16. Qe5 Rac8 17. Bh3 e6 18. Nxc5 bxc5 19. Rab1 Qxe5 20. Nxe5 Ne4
21. Bg2 Nd6 22. e3 Rc7 23. Bf1 Bb7 24. b4 Ne4 25. Rbc1 cxb4 26. cxb4 Rec8 27.
Nd3 Nc3 28. Nc5 Nxa2 29. Ra1 Nxb4 30. Nxb7 Rxb7 31. Reb1 Rcb8 32. Ra5 Nc6 33.
Rxb7 Rxb7 34. Ra6 Rb6 35. Ra4 a5 36. Kg2 Rb4 37. Ra1 a4 38. Bd3 Na5 39. Bc2 Nb3
40. Ra3 Kf6 41. Kf3 Ke5 42. Ke2 Nc5 43. f4+ Kd6 44. Kd2 h5 45. Kc3 Rc4+ 46. Kd2
e5 47. Bd1 Ne4+ 48. Kd3 Nf2+ 49. Kd2 Nxd1 50. Kxd1 e4 51. Kd2 Kc5 52. Ra1 f5 53.
Ra2 d4 54. exd4+ Kxd4 55. Ke2 0-1

[Event "European Blitz 2017"]
[Site "Katowice POL"]
[Date "2017.12.15"]
[Round "16.37"]
[White "Tregubov, Pavel V."]
[Black "Boe, Mads"]
[Result "1/2-1/2"]
[WhiteTitle "GM"]
[BlackTitle "FM"]
[WhiteElo "2575"]
[BlackElo "2292"]
[WhiteFideId "4115341"]
[BlackFideId "1401408"]
[EventDate "2017.12.15"]
[EventType "blitz"]

1. d4 f5 2. Nf3 Nf6 3. g3 e6 4. Bg2 d5 5. O-O Bd6 6. c4 c6 7. b3 Qe7 8. Bb2 O-O
9. Ne5 b6 10. cxd5 cxd5 11. Nc3 Bd7 12. Rc1 Rc8 13. Qd3 Nc6 14. Nxc6 Bxc6 15.
Nb5 Bxb5 16. Qxb5 Qb7 17. e3 a6 18. Qd3 Rxc1 19. Rxc1 Rc8 20. Bf1 b5 21. Rxc8+
Qxc8 22. a4 bxa4 23. bxa4 a5 24. Bc3 Bc7 25. Qb5 Qd8 26. Qa6 Kf7 27. Bb5 Ne4 28.
Be1 Nd6 29. Bd3 Bb6 30. Kg2 Qc7 31. h3 Qb7 32. g4 Qxa6 33. Bxa6 g6 34. f3 Kf6
35. Kf2 e5 36. dxe5+ Kxe5 37. Bc3+ d4 38. Bd2 dxe3+ 39. Bxe3 Bxe3+ 40. Kxe3 f4+
41. Kd3 g5 42. Kc3 Kd5 43. Bd3 h6 44. Be2 Kc5 45. Bd3 Kd5 46. Be2 Kc5 47. Bd1
Kd5 48. Bb3+ Kc5 49. Bc2 Nf7 50. Kd3 Nd6 51. Kc3 Nf7 52. Bb3 Ne5 53. Bd1 Nd7 54.
Kd3 Nf6 55. Bc2 Kd5 56. Bb3+ Kc5 57. Bc2 Kd5 58. Bb3+ Kc5 59. Bc2 1/2-1/2

[Event "European Blitz 2017"]
[Site "Katowice POL"]
[Date "2017.12.15"]
[Round "16.38"]
[White "Fedorov, Alexei"]
[Black "Tomczak, Mikolaj"]
[Result "1/2-1/2"]
[WhiteTitle "GM"]
[BlackTitle "FM"]
[WhiteElo "2573"]
[BlackElo "2372"]
[WhiteFideId "13500465"]
[BlackFideId "1175114"]
[EventDate "2017.12.15"]
[EventType "blitz"]

1. e4 c5 2. d3 Nc6 3. f4 g6 4. Nf3 Bg7 5. Be2 Nf6 6. O-O O-O 7. c3 d6 8. Qe1 Rb8
9. a4 a6 10. Qh4 b5 11. axb5 axb5 12. e5 Nd7 13. e6 fxe6 14. Ng5 Nf6 15. Bg4 e5
16. Be6+ Bxe6 17. Nxe6 Qd7 18. Nxg7 Kxg7 19. fxe5 Nh5 20. Rxf8 Rxf8 21. exd6
Qxd6 22. Qe4 Ne5 23. d4 cxd4 24. Qxd4 Qf6 25. h3 Ng3 26. Kh2 Ne2 27. Qe3 Nxc1
28. Qxc1 Qf2 29. Nd2 Ng4+ 30. hxg4 Qh4+ 31. Kg1 Qf2+ 32. Kh2 Qh4+ 1/2-1/2

[Event "European Blitz 2017"]
[Site "Katowice POL"]
[Date "2017.12.15"]
[Round "16.39"]
[White "Saric, Ivan"]
[Black "Mitkov, Marjan"]
[Result "1-0"]
[WhiteTitle "GM"]
[BlackTitle "IM"]
[WhiteElo "2669"]
[BlackElo "2333"]
[WhiteFideId "14508150"]
[BlackFideId "15000354"]
[EventDate "2017.12.15"]
[EventType "blitz"]

1. e4 e5 2. Nf3 Nc6 3. Nc3 Nf6 4. Bb5 Bb4 5. d3 d6 6. O-O Bxc3 7. bxc3 O-O 8.
Re1 Ne7 9. d4 Ng6 10. a4 a6 11. Bd3 c5 12. a5 Qc7 13. h3 Re8 14. Bg5 Nd7 15. Be3
Ndf8 16. Nd2 Ne6 17. dxe5 dxe5 18. Nc4 Nef4 19. Nb6 Rb8 20. c4 Be6 21. Nd5 Qc8
22. Bf1 Qd8 23. Kh2 Bd7 24. Bxc5 Ne6 25. Be3 Bc6 26. c3 Qh4 27. g3 Qxe4 28. Bd3
Bxd5 1-0

[Event "European Blitz 2017"]
[Site "Katowice POL"]
[Date "2017.12.15"]
[Round "16.40"]
[White "Rodshtein, Maxim"]
[Black "Stojcevski, Zoran"]
[Result "0-1"]
[WhiteTitle "GM"]
[BlackTitle "FM"]
[WhiteElo "2699"]
[BlackElo "2337"]
[WhiteFideId "2806851"]
[BlackFideId "15000192"]
[EventDate "2017.12.15"]
[EventType "blitz"]

1. d4 Nf6 2. c4 e6 3. g3 Bb4+ 4. Nd2 Nc6 5. Nf3 O-O 6. Bg2 d6 7. O-O Bxd2 8.
Bxd2 e5 9. d5 Ne7 10. Ne1 h6 11. Rc1 Nh7 12. c5 f5 13. Bb4 f4 14. Nd3 Ng5 15. h4
Nh7 16. Qd2 g5 17. cxd6 cxd6 18. hxg5 hxg5 19. Qc2 Nf5 20. Qc7 Qf6 21. e3 Rf7
22. Qc4 Qh6 23. exf4 gxf4 24. Bd2 Nf6 25. Nxf4 exf4 26. Bxf4 Qh5 27. f3 Qg6 28.
Rfe1 Nxg3 29. Kf2 Ngh5 30. Bxd6 Ng4+ 31. Kg1 Ngf6 32. Be5 Bh3 33. Re2 Rg7 34.
Rcc2 Re8 35. Qd4 Rge7 36. Kh2 Bf5 37. Rcd2 Qh6 38. Kg1 Ng3 39. Bxg3 Rxe2 40. Bf4
Re1+ 41. Kf2 Qh4+ 0-1

[Event "European Blitz 2017"]
[Site "Katowice POL"]
[Date "2017.12.15"]
[Round "16.41"]
[White "Kusiak, Matej"]
[Black "Moskalenko, Alexander"]
[Result "0-1"]
[BlackTitle "IM"]
[WhiteElo "2280"]
[BlackElo "2522"]
[WhiteFideId "14911213"]
[BlackFideId "4155351"]
[EventDate "2017.12.15"]
[EventType "blitz"]

1. e4 c6 2. Nc3 d5 3. Nf3 Nf6 4. d3 Bg4 5. h3 Bxf3 6. Qxf3 e6 7. a3 Bc5 8. g3
Nbd7 9. Bg2 O-O 10. O-O a5 11. Bg5 h6 12. Bd2 dxe4 13. Nxe4 Nxe4 14. Qxe4 Nf6
15. Qe2 Qb6 16. b4 axb4 17. axb4 Be7 18. Qe3 Qxe3 19. fxe3 Nd5 20. c3 Bg5 21.
Kf2 Rfd8 22. Ke2 Nb6 23. Ra5 Rxa5 24. bxa5 Nd5 25. Rb1 Rd7 26. c4 Ne7 27. Rb6
Bf6 28. a6 bxa6 29. Rxa6 c5 30. Be4 g6 31. Ra5 Rc7 32. Bc1 Be5 33. g4 f5 34. Bf3
Bc3 35. Ra6 Kf7 36. Ba3 g5 37. Kd1 f4 38. exf4 gxf4 39. Kc2 Bd4 40. Bc1 Be5 41.
Be4 Rd7 42. Ba3 Rc7 43. Ra5 Bd4 44. Ra6 Ng6 45. Bxg6+ Kxg6 46. Rxe6+ Kg5 47. Bc1
Rf7 48. Kd1 Kh4 49. Rxh6+ Kg3 50. Bxf4+ Rxf4 51. g5 Rf1+ 52. Kc2 Rf2+ 53. Kb3
Kf4 54. g6 Rg2 55. h4 Bg7 56. Rh7 Rxg6 57. h5 Rg3 58. h6 Bd4 59. Rf7+ Ke3 60. h7
Rh3 61. Ka4 Kxd3 62. Kb5 Ke4 63. Kc6 Ke5 64. Kd7 Ke4 65. Ke6 Kd3 66. Kd5 Rh5+
67. Ke6 Kxc4 68. Rd7 Kd3 69. Rd5 Rxh7 0-1

[Event "European Blitz 2017"]
[Site "Katowice POL"]
[Date "2017.12.15"]
[Round "16.42"]
[White "Miton, Kamil"]
[Black "Kyc, Jerzy"]
[Result "0-1"]
[WhiteTitle "GM"]
[WhiteElo "2584"]
[BlackElo "2265"]
[WhiteFideId "1111914"]
[BlackFideId "1163922"]
[EventDate "2017.12.15"]
[EventType "blitz"]

1. d4 Nf6 2. c4 g6 3. g3 Bg7 4. Bg2 d5 5. cxd5 Nxd5 6. Nf3 O-O 7. O-O Nc6 8. e4
Nb6 9. d5 Na5 10. Qe1 Nac4 11. Nc3 c6 12. dxc6 bxc6 13. b3 Qd3 14. e5 Bg4 15.
Be3 Nxe3 16. Qxe3 Qxe3 17. fxe3 Bxf3 18. Bxf3 Bxe5 19. Rac1 Rac8 20. Ne4 Nd5 21.
Rfe1 Nb4 22. Rc4 a5 23. a3 Nd5 24. Nc5 Rfd8 25. Nb7 Rd7 26. Nxa5 Bc3 27. Rd1
Bxa5 28. Rxd5 cxd5 29. Rxc8+ Kg7 30. Rc5 Bb6 31. Rxd5 Bxe3+ 32. Kf1 Rc7 33. Rd3
Rc1+ 34. Bd1 Bc5 35. b4 Bd6 36. Ke2 Ra1 37. Rb3 Ra2+ 38. Kd3 Rxh2 39. a4 Rg2 40.
a5 Rxg3+ 41. Kc4 Rg1 42. Rd3 Rg2 43. Rxd6 exd6 44. a6 Ra2 45. b5 h5 46. Kb3 Ra1
47. Bf3 h4 48. Bb7 h3 49. b6 Rb1+ 50. Kc4 d5+ 51. Kc5 Ra1 52. a7 h2 53. Bxd5
Ra5+ 54. Kc4 Rxd5 55. a8=Q Rd1 56. b7 h1=Q 57. b8=Q Qf1+ 58. Kc5 Qf5+ 59. Kc6
Qc2+ 60. Kb6 Rb1+ 0-1

[Event "European Blitz 2017"]
[Site "Katowice POL"]
[Date "2017.12.15"]
[Round "16.43"]
[White "Zelbel, Patrick"]
[Black "Lewtak, Damian"]
[Result "1/2-1/2"]
[WhiteTitle "IM"]
[WhiteElo "2456"]
[BlackElo "2358"]
[WhiteFideId "24624322"]
[BlackFideId "1141724"]
[EventDate "2017.12.15"]
[EventType "blitz"]

1. e4 c5 2. c3 d5 3. exd5 Qxd5 4. Nf3 Nf6 5. Na3 Nc6 6. Bc4 Qd8 7. O-O e6 8. Qe2
a6 9. Bb3 Be7 10. d4 cxd4 11. Rd1 O-O 12. Nc2 Na5 13. Ncxd4 Nxb3 14. axb3 Qc7
15. Ne5 Nd7 16. Bf4 Nxe5 17. Bxe5 Qb6 18. b4 f6 19. Bg3 e5 20. Qe4 Re8 21. Nf5
Bf8 22. Rd2 Qe6 23. Ne3 f5 24. Qh4 f4 25. Bxf4 exf4 26. Qxf4 Qf7 27. Qg3 Be6 28.
Rad1 Be7 29. Nd5 Bxd5 30. Rxd5 Rad8 31. Rxd8 Rxd8 32. Rxd8+ Bxd8 33. Qd6 Be7 34.
Qb8+ Bf8 35. h3 h6 36. Qc8 Kh7 37. Qb8 g6 38. Qc8 Bg7 39. Qd8 Be5 40. Qd3 Qe7
41. g3 Bf6 42. Kg2 h5 43. h4 Qc7 44. Kg1 Kg7 45. Kg2 Qc6+ 46. Kg1 Qe6 47. Kg2
Qf5 48. Qc4 Qe5 49. Qd3 b6 50. Qxa6 Qd5+ 51. Kg1 Qc6 52. Qa7+ Kh6 53. Qb8 Bg7
54. Qf4+ Kh7 55. Qe3 b5 56. Qd3 Bf6 57. Qe2 Qd5 58. Qe8 Bg7 59. Qb8 Qf5 60. Kg2
Qe4+ 61. Kg1 Qd5 62. Qe8 Qf5 63. Kg2 Qc2 64. Qxb5 Qxb2 65. c4 Bd4 66. Qd7+ Kh6
67. Qf7 Bf6 68. b5 Bd4 69. Qf4+ Kg7 70. Qc7+ Kh6 71. Qf4+ Kh7 72. Qf7+ Kh6 73.
Qf4+ Kh7 74. Qf8 Bg7 75. Qf3 Bd4 76. Qf7+ Kh6 77. Qf8+ Kh7 78. Qf7+ 1/2-1/2

[Event "European Blitz 2017"]
[Site "Katowice POL"]
[Date "2017.12.15"]
[Round "16.45"]
[White "Olszewski, Michal"]
[Black "Gazik, Igor"]
[Result "1-0"]
[WhiteTitle "GM"]
[BlackTitle "IM"]
[WhiteElo "2540"]
[BlackElo "2257"]
[WhiteFideId "1121251"]
[BlackFideId "14900149"]
[EventDate "2017.12.15"]
[EventType "blitz"]

1. e4 e6 2. d4 d5 3. Nd2 c5 4. exd5 Qxd5 5. Ngf3 cxd4 6. Bc4 Qd7 7. O-O Nc6 8.
Nb3 a6 9. a4 Qc7 10. Nbxd4 Nxd4 11. Qxd4 Nf6 12. Bf4 Qc5 13. Qd3 Be7 14. Rfd1
O-O 15. Bb3 b6 16. Be3 Qc7 17. Qc4 Qb7 18. Ne5 Nd5 19. Bd4 f6 20. Ng4 Nf4 21.
Ne3 Kh8 22. Bc3 e5 23. Qf1 Bc5 24. Nd5 Ne6 25. Bc4 Nd4 26. b4 Bd6 27. Bxd4 exd4
28. b5 axb5 29. axb5 Rxa1 30. Rxa1 Bf5 31. Ra6 Bc5 32. Qd1 Be4 33. Nf4 Re8 34.
h3 g5 35. Qh5 Qe7 36. Ra7 Qxa7 37. Qxe8+ Kg7 38. Ne6+ Kh6 39. Nxc5 bxc5 40. Qxe4
Qa1+ 41. Kh2 Qc3 42. Bd3 1-0

[Event "European Blitz 2017"]
[Site "Katowice POL"]
[Date "2017.12.15"]
[Round "16.46"]
[White "Jaroch, Karol"]
[Black "Feuerstack, Aljoscha"]
[Result "1-0"]
[BlackTitle "IM"]
[WhiteElo "2252"]
[BlackElo "2438"]
[WhiteFideId "1130609"]
[BlackFideId "4681932"]
[EventDate "2017.12.15"]
[EventType "blitz"]

1. e4 c5 2. a3 e6 3. b4 cxb4 4. axb4 Nf6 5. e5 Nd5 6. b5 d6 7. c4 Nf4 8. g3 Ng6
9. exd6 Bxd6 10. Bg2 e5 11. Ne2 Qc7 12. Na3 O-O 13. O-O Be6 14. d3 Nd7 15. Nc2
Nc5 16. Nc3 Bf5 17. Nb4 Rfd8 18. Ncd5 Qc8 19. Ne3 Bh3 20. Nbd5 Bxg2 21. Kxg2 Ne6
22. Bb2 Nc7 23. Qf3 Bc5 24. Nxc7 Qxc7 25. Nd5 Qd6 26. h4 Ne7 27. Bxe5 Qd7 28.
Nf6+ gxf6 29. Qxf6 Kf8 30. Rae1 Qf5 1-0

[Event "European Blitz 2017"]
[Site "Katowice POL"]
[Date "2017.12.15"]
[Round "16.48"]
[White "Zorko, Jure"]
[Black "Sahidi, Samir"]
[Result "1-0"]
[WhiteTitle "IM"]
[BlackTitle "FM"]
[WhiteElo "2457"]
[BlackElo "2247"]
[WhiteFideId "14604051"]
[BlackFideId "14936372"]
[EventDate "2017.12.15"]
[EventType "blitz"]

1. d4 Nf6 2. Nf3 c5 3. d5 g6 4. Nc3 Bg7 5. e4 d6 6. Bb5+ Nbd7 7. a4 O-O 8. O-O
a6 9. Be2 Ne5 10. Nxe5 dxe5 11. Be3 Qc7 12. a5 Ne8 13. Na4 Qxa5 14. Bxc5 Qc7 15.
Bb6 Qb8 16. c4 Bd7 17. Nc3 Nd6 18. Be3 f5 19. f3 b6 20. b4 a5 21. bxa5 Rxa5 22.
Rxa5 bxa5 23. c5 Nb5 24. Nxb5 Bxb5 25. c6 Bxe2 26. Qxe2 Qb4 27. Qc2 a4 28. Rb1
Qa5 29. Qc5 Qa6 30. Qb5 Qa8 31. Qc4 Kh8 32. h3 fxe4 33. fxe4 a3 34. Ra1 Qa5 35.
Kh2 Ra8 36. Qc5 Qa4 37. Qxe7 a2 38. c7 Rg8 39. Qc5 Qa6 40. Rxa2 Qxa2 41. c8=Q h6
42. Qg4 Qa6 43. Qc6 Qa3 44. Qf3 Kh7 45. Qg3 g5 46. Qe6 Qa4 47. Qf5+ Kh8 48. Bc5
Qb5 49. Bd6 Re8 50. Qgf3 Qb6 51. Qg6 Rd8 52. Qa3 Qb7 53. Qe6 Qb5 54. Bxe5 Re8
55. Qxh6+ 1-0

[Event "European Blitz 2017"]
[Site "Katowice POL"]
[Date "2017.12.15"]
[Round "16.49"]
[White "Pulpan, Jakub"]
[Black "Walter, Szymon"]
[Result "1-0"]
[WhiteTitle "IM"]
[WhiteElo "2400"]
[BlackElo "2246"]
[WhiteFideId "302759"]
[BlackFideId "1172590"]
[EventDate "2017.12.15"]
[EventType "blitz"]

1. d4 Nf6 2. Nf3 e6 3. g3 b5 4. Bg2 Bb7 5. O-O d5 6. Qd3 a6 7. Bg5 Nbd7 8. a4 b4
9. c3 a5 10. Ne5 Be7 11. Qf3 O-O 12. Nxd7 Nxd7 13. Bxe7 Qxe7 14. Nd2 c5 15. Rfc1
e5 16. dxc5 Nxc5 17. Qh5 g6 18. Qh6 Ne6 19. Nf3 f6 20. cxb4 axb4 21. Qd2 Rfd8
22. Bh3 Ng7 23. a5 f5 24. Ra4 d4 25. Bg2 Bd5 26. a6 Qf6 27. a7 Ne6 28. Qxb4 Bxf3
29. exf3 d3 30. Rd1 h5 31. Ra6 Qe7 32. Qc4 Rd6 33. Rxd6 Qxd6 34. Rxd3 Qe7 35.
Ra3 Kg7 36. Qc3 Nd4 37. Qd3 Rxa7 38. Rxa7 Qxa7 39. Qe3 Kf6 40. f4 e4 41. Bf1
Nf3+ 42. Kg2 Qa1 43. Qc3+ Ke7 44. Qg7+ Kd8 45. Qf8+ Kd7 46. Qf7+ Kd8 47. Qg8+
Ke7 48. Qh7+ Kf6 49. Qh8+ Kf7 50. Bc4+ Ke7 51. Qg7+ Kd8 52. Qf8+ Kc7 53. Qe7+
Kc6 54. Qe6+ Kc7 55. Qe7+ Kc6 56. Qe6+ Kc7 57. Qf7+ Kc6 58. Qxg6+ Kc5 59. Qxf5+
Kxc4 60. Qxe4+ Nd4 61. b3+ Kxb3 62. f5 Kc3 63. f6 Qa7 64. Qd5 Qb8 65. f7 Qf8 66.
Qb7 Ne6 67. Qc6+ Nc5 68. h4 Qxf7 69. Qxc5+ Kd3 70. Qe3+ 1-0